000 00765nam a22002417a 4500
005 20191224042306.0
008 160726b ck ||||| |||| 00| 0 spa d
040 _aCO-BoIAVH
_cCO-BoIAVH
041 _aspa
044 _ack
082 _a333.956
_bE55l
100 1 _aMagallanes Morales, Hernando
245 1 4 _aLos Peces del río Porce y la Quebrada la Cancana
260 _as.i:
_bEmpresas Publicas de Medellin,
_c1998.
300 _a20 paginas
_c20 x 19 cm
650 1 4 _aPeces
_xAnatomía
650 1 4 _aHábitos Alimenticios
650 1 4 _aPeces
_xEspecies
650 1 4 _aPeces
_xImportancia
650 1 4 _aPeces
_xSistema Circulatorio
700 _aTabares Monsalve, Maria Patricia
942 _2ddc
_cFolleto
999 _c18906
_d18906